Paroles: Les moulins de mon cœur - Michel Legrand - Statistiques

Statistiques générales
  • Ce quiz a été pris 170 fois
  • Le résultat moyen est 239 sur 291
Statistiques - réponses
Réponse % Correct
à
100%
d'
100%
de
100%
l'
100%
le
100%
Le
100%
m'
100%
qu'
100%
que
100%
s'
100%
Comme
99%
comme
99%
les
99%
qui
99%
dans
98%
Et
98%
98%
la
98%
mon
98%
un
98%
eau
97%
une
97%
cœur
96%
je
96%
moulins
96%
on
96%
des
95%
ruisseau
95%
sa
94%
Ce
93%
ce
93%
jette
93%
Tu
93%
tu
93%
pierre
92%
milliers
91%
elle
90%
ronds
90%
vive
90%
tourner
89%
fais
88%
laisse
87%
ton
87%
tous
87%
Tous
87%
derrière
86%
du
86%
Ou
83%
sans
79%
son
79%
nom
78%
as
77%
carnaval
77%
lune
77%
jour
76%
ses
76%
Saturne
75%
anneau
74%
cesse
74%
fleur
74%
près
74%
font
73%
oiseau
73%
étoiles
72%
dit
71%
avec
70%
Mais
70%
manège
70%
monde
69%
autour
68%
chemin
68%
chevaux
68%
heures
68%
nid
68%
tournesol
68%
ballon
67%
sait
67%
source
67%
Dieu
66%
pas
66%
voyage
66%
Sur
65%
sur
65%
course
64%
ronde
64%
vol
63%
déjà
62%
enfant
61%
mes
61%
tomba
61%
vent
61%
goélands
59%
seul
59%
suis
59%
été
58%
finit
57%
nos
57%
tes
56%
sable
55%
sous
55%
voilà
55%
aussitôt
54%
effacent
54%
oublie
54%
table
54%
cheveux
53%
mains
52%
océan
52%
pluie
51%
tourbillon
50%
couleur
48%
doigts
48%
donne
48%
pris
48%
automne
47%
entre
47%
feuilles
47%
leur
47%
rengaine
47%
chansons
46%
harpes
46%
laine
46%
mots
46%
neige
46%
gouttes
45%
Norvège
45%
absence
44%
meurent
44%
moins
44%
pleure
44%
résonne
44%
forêts
43%
bleus
42%
moutons
42%
ciels
41%
tambourin
39%
écheveau
38%
rencontrent
38%
quatre
37%
saisons
37%
Aux
32%
vents
25%
millers
2%
Aucun quiz correspondant
Distribution des résultats
% des personnes avec chaque résultat
Percentile par nombre de réponses
Votre historique - résultats
Vous n’avez pas pris ce quiz